000 01783nam a2200337 i 4500
001 000029919
003 DO-SdBNP
005 20250204092151.0
007 ta
008 090917s20002001dr 001 s spa d
020 _a9993433144
040 _aDO-SdBNP
_bspa
_cBNPHU
_erda
082 4 _aRD865.4
_bA634g
_222
245 0 0 _aAntología de grandes oradores dominicanos /
_ccompilador, Julio Jaime Julia ; editores José Rafael Vargas, Tomás Castro Burdiéz ; prólogo Jorge Tena Reyes.
264 _aSanto Domingo :
_bMediabyte,
_c2000 -2001.
300 _avolumenes ;
_c21 cm.
336 _2rdacontent
_atexto
_btxt
337 _2rdamedia
_asin mediación
_bn
338 _2rdacarrier
_avolumen
_bnc
505 2 _gPrólogo --
_tJulio Jaime Julia: una vida consagrada a la investigación y difusión de nuestros autenticos valores culturales e historicos --
_tJoaquín Balaguer --
_tJuan Bosch --
_tJosé Francisco Peña Gómez --
_tFabio A. Mota --
_tManuel A. Machado --
_tVíctor Lulo Guzman --
_tRafael Vidal --
_tDiscursos variados --
_tJuan Tomas Mejia --
_tAristides Fiallo Cabral --
_tArturo Grullon --
_tJuan Alberto Peña Lebron --
_tJoaquín E. Salazar --
_tOscar Robles Toledano --
_tArmando Oscar Pacheco --
_tHéctor Pérez Reyes --
_tMariano Lebron Saviñon --
_tAntonio Fernández Spencer --
_tBiografía de Julio Jaime Julia /
590 _aInventariado, 2018/ YL
650 4 _aOradores dominicanos
_956659
650 4 _aOratoria dominicana
_956660
650 1 0 _aLiteratura dominicana.
_967
700 1 _aJulia, Julio Jaime
_d1922-1993
_ecompilador
_920185
700 1 _aTena Reyes, Jorge,
_epról.
_98252
700 1 _aVargas, José Rafael,
_eed.
_921851
700 _aCastro, Tomás,
_d1959-
_eed.
_924641
910 _aValidado. Control de calidad MMOLINA
942 _2ddc
_cLBS1
999 _c29411
_d29411